K niektorým podobám a dôsledkom univerzalizmu

Autor analyzuje premeny univerzalizmu v západnom myslení najmä pri hľadaní modelov vzťahu univerzálneho a parciálneho, ktoré by boli založené na rešpektovaní kultúrnej plurality. Rôzne prístupy, ktoré smerujú k uznaniu jednoty plurality kultúr a záujmov ľudstva, autor analyzuje na príklade uplatneni...

Descrizione completa

Salvato in:
Dettagli Bibliografici
Autore principale: Márton, Milan
Natura: Capitolo di libro
Lingua:slovacco
Soggetti:
Tags: Aggiungi Tag
Nessun Tag, puoi essere il primo ad aggiungerne!!

MARC

LEADER 00000naa$a2200000$$$4500
001 0121021
005 20240502072356.5
041 0 |a slo 
044 |a SK 
245 1 0 |a K niektorým podobám a dôsledkom univerzalizmu  |c Milan Márton 
520 |a Autor analyzuje premeny univerzalizmu v západnom myslení najmä pri hľadaní modelov vzťahu univerzálneho a parciálneho, ktoré by boli založené na rešpektovaní kultúrnej plurality. Rôzne prístupy, ktoré smerujú k uznaniu jednoty plurality kultúr a záujmov ľudstva, autor analyzuje na príklade uplatnenia univerzalizmu v oblasti ľudských práv, globálnej etiky a uplatňovania západnej ekonomickej racionality. Kritizuje využívanie univerzalizmu ako prostriedku legitimizácie moci Západu. 
610 2 0 |a filozofia 
610 2 0 |a hodnota 
610 2 0 |a pluralizmus 
610 2 0 |a práva ľudské 
610 2 0 |a etika 
100 1 |a Márton, Milan